Lettres les plus courantes de l'alphabet - Coups durs - Statistiques

Statistiques générales
  • Ce quiz a été pris 249 fois
  • Le résultat moyen est 8 sur 10
Statistiques - réponses
% lettre % Correct
8,1 A
99%
15.1 E
96%
6,9 I
90%
5.3 O
89%
6,0 U
78%
7,1 T
66%
5.7 L
64%
7.9 S
61%
6,4 R
60%
6,2 N
55%
Aucun quiz correspondant
Distribution des résultats
% des personnes avec chaque résultat
Percentile par nombre de réponses
Votre historique - résultats
Vous n’avez pas pris ce quiz